00796nam a2200253 a 4500001001300000003000900013005001700022008004100039020002600080082001800106100002100124245004600145260004300191300000900234500003500243505003300278650002300311650003800334700002100372902000800393942000700401952011900408999001500527nice12345678IN_TiNIC20260116012933.0050524s1982 lona grp 000 0 eng  a0571786 c243.2500a297.1977bMOR aMortimer, Edward aFaith and Politics; the Politics of Islam aLondonbFaber and Faber Limited c1982 a432p aincludes index and biblioraphy2 aBiblical Index, Bibliography aIslam and Politics aIslamic-Countries Politics & Govt1 aMortimer, Edward bSRS cBK 001040708StackRoom-aHMIbHMId2007-07-03g243.25l0o297.1977 MORp013983r2007-07-03v243.25w2005-05-24yBK c8966d8966